| 000 | 00585nam a22002057a 4500 | ||
|---|---|---|---|
| 003 | OSt | ||
| 005 | 20220107122733.0 | ||
| 008 | 140405b xxu||||| |||| 00| 0 eng d | ||
| 020 | _a9780195694840 | ||
| 040 | _cIIITM-K | ||
| 082 | _a005.1JAI/S | ||
| 100 |
_aJain, Deepak _93610 |
||
| 245 |
_aSoftware engineering: _bprinciples and practices _cby Deepak Jain |
||
| 260 |
_aNew Delhi, _bOxford University Press, _c2009. |
||
| 300 | _axii, 508p. | ||
| 650 |
_aCOMPUTER SCIENCE _93611 |
||
| 650 |
_aCOMPUTER ARCHITECTURE _93612 |
||
| 650 |
_aSOFTWARE ENGINEERING _93613 |
||
| 942 |
_2ddc _cBK |
||
| 999 |
_c3707 _d3707 |
||